Principles of financial & managerial accounting using Excel for success / (Record no. 22601)
[ view plain ]
| 000 -LEADER | |
|---|---|
| fixed length control field | 01514cam a22003855a 4500 |
| 001 - CONTROL NUMBER | |
| control field | 015776396 |
| 003 - CONTROL NUMBER IDENTIFIER | |
| control field | OSt |
| 005 - DATE AND TIME OF LATEST TRANSACTION | |
| control field | 20201128023856.0 |
| 008 - FIXED-LENGTH DATA ELEMENTS--GENERAL INFORMATION | |
| fixed length control field | 110317t2012 ohua frbd 001 0 eng d |
| 010 ## - LIBRARY OF CONGRESS CONTROL NUMBER | |
| LC control number | 2011924230 |
| 020 ## - INTERNATIONAL STANDARD BOOK NUMBER | |
| International Standard Book Number | 9781111579531 (pbk.) |
| 020 ## - INTERNATIONAL STANDARD BOOK NUMBER | |
| International Standard Book Number | 1111579539 (pbk.) |
| 040 ## - CATALOGING SOURCE | |
| Original cataloging agency | StDuBDS |
| Language of cataloging | eng |
| Transcribing agency | StDuBDS |
| Modifying agency | Uk |
| -- | EG-ScBUE |
| 082 04 - DEWEY DECIMAL CLASSIFICATION NUMBER | |
| Classification number | 657.0285554 |
| Item number | REE |
| Edition number | 22 |
| 100 1# - MAIN ENTRY--PERSONAL NAME | |
| Personal name | Reeve, James M. |
| Dates associated with a name | 1953- |
| 9 (RLIN) | 1392 |
| 245 10 - TITLE STATEMENT | |
| Title | Principles of financial & managerial accounting using Excel for success / |
| Statement of responsibility, etc | James M. Reeve, Carl S. Warren, Jonathan Duchac. |
| 246 3# - VARYING FORM OF TITLE | |
| Title proper/short title | Principles of financial and managerial accounting using Excel for success |
| 250 ## - EDITION STATEMENT | |
| Edition statement | [11th ed.], International ed. |
| 260 ## - PUBLICATION, DISTRIBUTION, ETC. (IMPRINT) | |
| Place of publication, distribution, etc | [Mason, Ohio] : |
| Name of publisher, distributor, etc | South-Western / Cengage Learning, |
| Date of publication, distribution, etc | c.2012. |
| 300 ## - PHYSICAL DESCRIPTION | |
| Extent | 1 v. (various pagings) : |
| Other physical details | ill. (col.) ; |
| Dimensions | 28 cm. |
| 500 ## - GENERAL NOTE | |
| General note | Rev. ed. of: Principles of financial & managerial accounting, 2009. |
| 500 ## - GENERAL NOTE | |
| General note | Includes index. |
| 500 ## - GENERAL NOTE | |
| General note | Includes glossary. |
| 504 ## - BIBLIOGRAPHY, ETC. NOTE | |
| Bibliography, etc | Includes bibliographical references.<br/> |
| 630 00 - SUBJECT ADDED ENTRY--UNIFORM TITLE | |
| Uniform title | Microsoft Excel (Computer file) |
| 650 #0 - SUBJECT ADDED ENTRY--TOPICAL TERM | |
| Topical term or geographic name as entry element | Accounting |
| General subdivision | Data processing. |
| Source of heading or term | BUEsh |
| 650 #0 - SUBJECT ADDED ENTRY--TOPICAL TERM | |
| Topical term or geographic name as entry element | Managerial accounting |
| General subdivision | Data processing. |
| Source of heading or term | BUEsh |
| 650 #0 - SUBJECT ADDED ENTRY--TOPICAL TERM | |
| Topical term or geographic name as entry element | Electronic spreadsheets |
| General subdivision | Computer programs. |
| Source of heading or term | BUEsh |
| 651 ## - SUBJECT ADDED ENTRY--GEOGRAPHIC NAME | |
| Source of heading or term | BUEsh |
| 653 ## - INDEX TERM--UNCONTROLLED | |
| Resource For college | BAEPS, Business Administration |
| Arrived date list | October2016 |
| 700 ## - ADDED ENTRY--PERSONAL NAME | |
| Personal name | Warren, Carl S. |
| 9 (RLIN) | 1391 |
| 700 1# - ADDED ENTRY--PERSONAL NAME | |
| Personal name | Duchac, Jonathan E. |
| 700 1# - ADDED ENTRY--PERSONAL NAME | |
| Personal name | Reeve, James M., |
| Dates associated with a name | 1953- |
| Title of a work | Principles of financial & managerial accounting. |
| 942 ## - ADDED ENTRY ELEMENTS (KOHA) | |
| Source of classification or shelving scheme | Dewey Decimal Classification |
| Withdrawn status | Item status | Source of classification or shelving scheme | Damaged status | Not for loan | Vendor | Home library | Current library | Shelving location | Date acquired | Source of acquisition | Cost, normal purchase price | Serial Enumeration / chronology | Total Checkouts | Full call number | Barcode | Date last seen | Date last borrowed | Cost, replacement price | Koha item type |
|---|---|---|---|---|---|---|---|---|---|---|---|---|---|---|---|---|---|---|---|
| Dewey Decimal Classification | Academic Bookshop | Central Library | Central Library | First floor | 16/10/2016 | Purchase | 495.00 | 9154 | 1 | 657.0285554 REE | 000034104 | 15/07/2025 | 20/02/2017 | 618.75 | Book - Borrowing |